000 00311nam a2200145Ia 4500
100 _aChandra/A.M/ Satish chandra
942 _cBK
654 _aGraphics
245 _aEngineering Graphics
260 _bNarosa book
_aJalgaon
_c1998
082 _a6.6
_bCHA
300 _a380
546 _aENGLISH
999 _c27272
_d27272